| 000 | 01221ntm a2200277 a 4500 | ||
|---|---|---|---|
| 001 | 75556 | ||
| 003 | BD-RjUL | ||
| 005 | 20211209082717.0 | ||
| 008 | 190424s2017 bg a|||| bm|| 00| 0 eng d | ||
| 035 | _a(BD-RjUL)75774 | ||
| 040 |
_aBD-RjUL _beng _cBD-RjUL _dBD-RjUL |
||
| 041 | _aeng | ||
| 082 |
_223 _a304.64095492 _bROM 2017 |
||
| 100 | 1 |
_aRouf, Abu Sayed Md. Ripon _9231137 |
|
| 245 | 1 | 0 |
_aMortality Trends, Differencials and Modeling for Mortality Forecasting in Bangladesh / _cSubmitted by Abu Sayed Md. Ripon Rouf ; _6Principal Supervisor: Dilip Kumar Mondol , Co-Supervisor: Md. Jahanur Rahman |
| 260 |
_aRajshahi : _bDepartment of Population Science and Human Resourvce Development, R. U. , _c2017 |
||
| 300 |
_a[xviii, 235 leaves : _bIll. ; _c30 cm. |
||
| 502 | _aThesis (Ph. D.) -- Department of Population Science and Human Resourvce Development, R. U. , 2017 | ||
| 504 | _aReferences: Leaves [188]-205 | ||
| 650 |
_aMortality _xForecasting _9231138 |
||
| 650 |
_aMortality _xStatistical methods _9231139 |
||
| 650 |
_aPopulation _xMortality _zBangladesh _9231140 |
||
| 700 |
_aMondol, Dilip Kumar, Principal Supervisor _9722 |
||
| 700 |
_aRahman, Md. Jahanur, Co-Supervisor _9231141 |
||
| 942 |
_2ddc _cTHE |
||
| 999 |
_c75556 _d75556 |
||